1496 1090 1731 1687 1577 1456 1057 1076 1027 1626 1409 1964 1748 1121 1476 1448 1101 1766 1669 1188 1311 1577 1454 1763 1631 1403 1800 1087 1404 1477 1397 1852 1464 1332 1069 1379 1164 1750 1609 1099 1902 1279 1871 1248 1576 1154 1650 1472 1624 1248 1324 1073 1583 1107 1336 1430 1711 1939 1075 1856 1912 1625 1017 1677 1902 1333 1552 1715 1230 1326 1029 1805 1465 1321 1930 1192 1188 1403 1915 1846 1005 1042 1587 1692 1580 1384 1775 1349 1932 1782 1848 1703 1792 1240 1186 1523 1266 1750 1323 BCNSPRNW ULIB Ver.6.0+V

เปลี่ยนเป็นภาษาไทย

Change to English
 แสดงรายละเอียดบรรณานุกรม
  กลับหน้าหลัก

Brief Record : Get Marc (ISO 2709) : E-mail record : QR code < ปิดหน้าต่าง
LEADER : 00000nam 2200000uu 4500
001    13399122259
003     ULIB
008    130121s2553||||th 000 0 tha d
020    ^a9786167136240
050  4 ^aH62^bส325ว
100 0  ^aสรชัย พิศาลบุตร
245 10 ^aวิธีวิจัยเชิงปฏิบัติ /^cสรชัย พิศาลบุตร
250    ^aพิมพ์ครั้งที่ 3
260    ^aกรุงเทพฯ :^bวิทยพัฒน์,^c2553
300    ^a376 หน้า ;^c26 ซม.
650  0 ^aResearch
650  0 ^aAction research
650  4 ^aการศึกษา^xวิจัย
650  4 ^aวิจัย
650  4 ^aวิจัยปฏิบัติการ
945    ^p320^l0^i19764
945    ^p320^l0^i19765
995    ^aทศพร
999    ^aทศพร เกษรทอง
รายการนี้ยังไม่มีแท็ก
คุณยังไม่ได้ล็อกอิน คุณสามารถมีกิจกรรมร่วมกับเว็บไซต์ได้ แต่ต้องล็อกอินก่อน ::
  ล็อกอิน

รายการสื่อสารสนเทศ

ลำดับที่ ประเภท เลขเรียก/บาร์โค้ด สถานที่ สถานะ
1. การศึกษาทั่วไป
การศึกษาทั่วไป
H62 ส325ว ฉ.1 
  Barcode: 19764
ห้องสมุดวิทยาเขตสวรรค์ประชารักษ์
►หนังสือทั่วไป
บนชั้น
2. การศึกษาทั่วไป
การศึกษาทั่วไป
H62 ส325ว ฉ.2 
  Barcode: 19765
ห้องสมุดวิทยาเขตสวรรค์ประชารักษ์
►หนังสือทั่วไป
บนชั้น

รายการใกล้เคียง
    ผู้แต่ง [สรชัย พิศาลบุตร]

    หัวเรื่อง [Research]
    หัวเรื่อง [Action research]
    หัวเรื่อง [วิจัย]
    หัวเรื่อง [วิจัยปฏิบัติการ]

BibComment


ยังไม่เคยถูกคอมเมนท์

คอมเมนท์ทรัพยากรรายการนี้
  คอมเมนท์: วิธีวิจัยเชิงปฏิ..


 Copyright 2026. Bcnsprnw @Library